000 00628cab a2200193 4500
001 L135865
008 061213n2006 000 0 eng u
035 _a(Sirsi) u135865
041 0 _aeng
100 1 _aTaylor, Peter.
245 0 0 _aConnectivity and city revival
260 _c2006
490 0 _aTown & Country Planning
_v75(11) November 2006, 309-314(6)
520 _aProvides evidence on how UK provincial cities are faring in the first five years of the 21st century within a dynamic world city network. Tables.
590 _aKA
690 _aMANAGEMENT-BUSINESS MANAGEMENT
700 1 _aAranya, Rolee
942 _n0
999 _c78049
_d78049